Animals that start with the letter W - Statistics

General Stats
  • This quiz has been taken 35 times
  • The average score is 12 of 15
Answer Stats
Picture Hint Answer % Correct
Whale
96%
Wolf
96%
Walrus
93%
Ant-Man and the- Wasp
93%
Woody the- Woodpecker
93%
White Tiger
89%
PSherman 42-way Sydney Wallaby
74%
Wildebeest
70%
X-Men superhero Wolverine
70%
Woolly Mammoth
70%
Weasel
67%
Destiny Whale Shark
67%
Pumbaa Warthog
63%
Water Buffalo
59%
Wombat
59%
No matching quizzes found
Score Distribution
Percent of People with Each Score
Percentile by Number Answered
Your Score History
You have not taken this quiz